ALL Rupaul's Drag Race Queens Quiz Stats

Quiz not verified by Sporcle

Also try: TV Debuts: 1999
Challenge
Share
Tweet
Embed
Score 0/147 Timer 14:00
0 Plays Today
Season Queen % Correct
All Stars 3BeBe Zahara Benet
96.6%
All Stars 3Shangela Laquifa Wadley
96.6%
All Stars 2Alaska Thunderfuck 5000
94.3%
All Stars 3Morgan McMichaels
93.5%
All Stars 3BenDeLaCreme
93.2%
Season 2Raven
93.2%
All StarsRaven
93.2%
All Stars 2Detox Icunt
93%
Season 3Raja Gemini
92.9%
All Stars 3Kennedy Davenport
92.6%
Season 5Alaska Thunderfuck 5000
92.5%
All Stars 2Adore Delano
92.1%
All Stars 2Phi Phi O'Hara
91.9%
All Stars 2Tatianna
91.9%
All Stars 2Roxxxy Andrews
91.8%
All Stars 3Milk
91.7%
All Stars 3Trixie Mattel
91.4%
All Stars 2Alyssa Edwards
91.3%
All Stars 2Yekaterina Petrovna Zamolodchikova
91.3%
Season 4Sharon Needles
91.2%
Season 6Bianca Del Rio
90.6%
Season 6Adore Delano
90.6%
Season 4Chad Michaels
90.5%
All StarsChad Michaels
90.5%
Season 2Jujubee
90.5%
All StarsJujubee
90.5%
Season 2Tyra Sanchez
89.9%
Season 4Phi Phi O'Hara
89.8%
All Stars 2Coco Montrese
89.6%
All Stars 3Thorgy Thor
89.5%
Season 1Nina Flowers
89.4%
All StarsNina Flowers
89.4%
Season 5Detox Icunt
89.4%
All Stars 2Ginger Minj
89%
Season 4Latrice Royale
88.4%
All StarsLatrice Royale
88.4%
Season 5Roxxxy Andrews
88.3%
Season 3Manila Luzon
88.2%
All StarsManila Luzon
88.2%
Season 5Alyssa Edwards
87.9%
Season 1BeBe Zahara Benet
87.8%
All Stars 3Aja
87.7%
Season 2Shangela Laquifa Wadley
87.5%
Season 3Shangela Laquifa Wadley
87.5%
Season 7Yekaterina Petrovna Zamolodchikova
87.3%
Season 6Courtney Act
87.2%
All Stars 3Chi Chi Kat DeVayne
87.1%
Season 8Bob the Drag Queen
87%
Season 7Pearl Liason
87%
Season Queen % Correct
Season 2Tatianna
86.4%
Season 9Sasha Velour
86.3%
Season 5Coco Montrese
86%
Season 5Jinkx Monsoon
86%
Season 7Ginger Minj
85.8%
Season 1Ongina
85.4%
Season 7Violet Chachki
84.7%
Season 2Pandora Boxx
84.2%
All StarsPandora Boxx
84.2%
Season 8Kim Chi
84%
Season 1Shannel
83.8%
All StarsShannel
83.8%
Season 9Peppermint
83.8%
Season 3Yara Sofia
83.5%
All StarsYara Sofia
83.5%
Season 1Tammie Brown
83.5%
Season 3Alexis Mateo
83.5%
All StarsAlexis Mateo
83.5%
All StarsTammie Brown
83.5%
Season 1Jade
83.1%
Season 3Mimi Imfurst
82.5%
All StarsMimi Imfurst
82.5%
Season 9Trinity Taylor
81.6%
Season 9Aja
81.5%
Season 9Shea Couleé
81%
Season 1Victoria 'Porkchop' Parker
80.6%
Season 6BenDeLaCreme
80.4%
Season 7Kennedy Davenport
80.2%
Season 9Valentina
79.9%
Season 4Willam
79.5%
Season 9Nina Bo'nina Brown
79.3%
Season 8Naomi Smalls
79%
Season 6Milk
78.9%
Season 9Cynthia Lee Fontaine
78.4%
Season 7Trixie Mattel
78.1%
Season 6Laganja Estranja
77.9%
Season 6Miss Darienne Lake
77.2%
Season 9Alexis Michelle
76.7%
Season 9Farrah Moan
76.7%
Season 2Morgan McMichaels
76.6%
Season 1Rebecca Glasscock
76.2%
Season 3Carmen Carrera
76.2%
Season 8Thorgy Thor
75.9%
Season 9Eureka O’Hara
75.1%
Season 2Sahara Davenport
74.9%
Season 8Acid Betty
74.8%
Season 3Delta Work
74.5%
Season 7Miss Fame
74.3%
Season 6Gia Gunn
74.1%
Season Queen % Correct
Season 8Chi Chi Kat DeVayne
73.8%
Season 4Jiggly Caliente
73.7%
Season 6Trinity Kardashian Bonet
73.2%
Season 9Jaymes Mansfield
73.1%
Season 5Jade Jolie
73.1%
Season 7MAX
72.7%
Season 8Derrick Barry
72.2%
Season 1Akashia
72.1%
Season 5Ivy Winters
72.1%
Season 9Kimora Blac
71.9%
Season 4Kenya Michaels
71.1%
Season 9Charlie Hides
71.1%
Season 4DiDa Ritz
70.7%
Season 6Kelly Mantle
70.5%
Season 8Dax Exclamationpoint
70.3%
Season 2Sonique
69.1%
Season 7Tempest DuJour
68.8%
Season 6Magnolia Crawford
68.7%
Season 6Vivacious
68.3%
Season 5Penny Tration
68.2%
Season 3Venus D-Lite
68.1%
Season 8Laila McQueen
67.5%
Season 6Joslyn Fox
67.5%
Season 5Serena ChaCha
67.3%
Season 6April Carrión
67.3%
Season 4The Princess
66.9%
Season 4Milan
66.8%
Season 8Cynthia Lee Fontaine
66.7%
Season 7Mrs. Kasha Davis
66.3%
Season 3Phoenix
65.6%
Season 7Kandy Ho
65.4%
Season 7Sasha Belle
65.4%
Season 2Nicole Paige Brooks
65.3%
Season 2Jessica Wild
65.1%
Season 8Robbie Turner
65%
Season 7Jasmine Masters
63.8%
Season 8Naysha Lopez
63.7%
Season 4Alisa Summers
62.9%
Season 3India Ferrah
62.4%
Season 3Mariah Balenciaga
62.1%
Season 2Mystique Summers Madison
61.2%
Season 4Madame LaQueer
60.8%
Season 3Stacy Layne Matthews
60.8%
Season 5Honey Mahogany
60.7%
Season 5Vivienne Pinay
59.3%
Season 5Monica Beverly Hillz
56.9%
Season 7Jaidynn Diore Fierce
56.2%
Season 4Lashauwn Beyond
54.7%
Season 5Lineysha Sparx
52.1%

You're not logged in!

Compare scores with friends on all Sporcle quizzes.
Sign Up with Email
OR
Log In

You Might Also Like...

Show Comments

Extras

Top Quizzes Today


Score Distribution

Your Account Isn't Verified!

In order to create a playlist on Sporcle, you need to verify the email address you used during registration. Go to your Sporcle Settings to finish the process.